Answers Contain "Cowboy" 🤠 - Statistics

General Stats
  • This quiz has been taken 66 times
  • The average score is 6 of 14
Answer Stats
Hint Answer % Correct
The most valuable sports team in the world Dallas Cowboys
97%
2000 Clint Eastwood movie about aging astronauts Space Cowboys
69%
1975 Glen Campbell country hit Rhinestone Cowboy
61%
1969 film with Jon Voight and Dustin Hoffman Midnight Cowboy
60%
2024 Beyoncé album blending country and pop Cowboy Carter
45%
1980 John Travolta film set in a Texas honky-tonk Urban Cowboy
40%
1998 space Western anime Cowboy Bebop
39%
2011 sci-fi Western starring Daniel Craig and Harrison Ford Cowboys & Aliens
39%
1996 Paula Cole song asking a famous question Where Have All the Cowboys Gone?
21%
1989 Gus Van Sant film about heroin addicts Drugstore Cowboy
18%
Canadian alt-country band formed in the 1980s Cowboy Junkies
16%
1990 Pantera song and album Cowboys From Hell
16%
Pee-wee Herman’s friend played by Laurence Fishburne Cowboy Curtis
15%
2020 Taylor Swift song from Evermore Cowboy Like Me
15%
No matching quizzes found
Score Distribution
Percent of People with Each Score
Percentile by Number Answered
Your Score History
You have not taken this quiz